| 000 | 02170cam a2200397 a 4500 | ||
|---|---|---|---|
| 005 | 20260322212004.0 | ||
| 008 | data | ||
| 010 | _a 2008043957 | ||
| 020 | _a9780071592086 (alk. paper) | ||
| 020 | _a0071592083 (alk. paper) | ||
| 040 |
_aDLC _cDLC _dVP@ _dVP@ |
||
| 041 | 0 | 9 | _aeng |
| 042 | _anlmcopyc | ||
| 044 | _9United States | ||
| 050 | 0 | 0 |
_aRA971 _b.C56 2009 |
| 060 | 1 | 0 |
_aWA 540 AA1 _bC554i 2009 |
| 082 | 0 | 0 |
_a362.1 _222 |
| 100 | 1 | _aChristensen, Clayton M. | |
| 245 | 1 | 4 |
_aThe innovator's prescription : _ba disruptive solution for health care / _cClayton M. Christensen ; Jerome H. Grossman & Jason Hwang. |
| 260 |
_aNew York : _bMcGraw-Hill, _cc2009. |
||
| 300 |
_ali, 441 p. : _bill. ; _c24 cm. |
||
| 336 |
_atext _btxt _2rdacontent |
||
| 337 |
_aunmediated _bn _2rdamedia |
||
| 338 |
_avolume _bnc _2rdacarrier |
||
| 504 | _aIncludes bibliographical references and index. | ||
| 505 | 0 | _aThe role of disruptive technology and business model innovation in making products and services affordable and accessible -- The technological enablers of disruption -- Disrupting the hospital business model -- Disrupting the business model of the physician's practice -- Disruptive solutions for the care of chronic disease -- Integrating to make it happen -- Disrupting the reimbursement system -- The future of the pharmaceutical industry -- Future directions for medical devices and diagnostic equipment -- The future of medical education -- Regulatory reform and the disruption of health care. | |
| 650 | 1 | 2 |
_aHealth Care Reform _0https://id.nlm.nih.gov/mesh/D018166 _zUnited States |
| 650 | 2 | 2 |
_aHealth Services Administration _0https://id.nlm.nih.gov/mesh/D006298 _zUnited States |
| 650 | 2 | 2 |
_aOrganizational Innovation _0https://id.nlm.nih.gov/mesh/D009936 _zUnited States |
| 650 | 2 | 2 |
_aDiffusion of Innovation _0https://id.nlm.nih.gov/mesh/D004059 _zUnited States |
| 650 | 2 | 2 |
_aHealth Care Sector _xorganization & administration _0https://id.nlm.nih.gov/mesh/D019981Q000458 _zUnited States |
| 650 | 2 | 2 |
_aModels, Organizational _0https://id.nlm.nih.gov/mesh/D017146 _zUnited States |
| 700 | 1 | _aGrossman, Jerome H. | |
| 700 | 1 |
_aHwang, Jason, _d1978- |
|
| 001 | data | ||
| 999 |
_c53 _d53 |
||